00520nam a2200133 a 450000100100000000500170001000800410002704000250006824501020009326000490019530000200024495201050026499900170036900004443920201002045356.0140630s2002 000 spa d aDO-SdBNPbspacBNPHU 0aDiscursos pronunciados en la ceremonia de entrega de la medalla de oro de la arquitectura........ aMadrid :bLa Real Academia de BB.AA.,c2002. a70 p. ;c21 cm. 001050718MOaGRbGRcHDd2014-06-30iLF1l0o p44439-10r2020-06-25w2020-06-25y1ZNo se presta c43928d43928